Statistics for my boy - Billie Eilish

Click here to take the quiz!

General Stats

  • This quiz has been taken 500 times
  • The average score is 214 of 265

Answer Stats

Answer% Correct
my
100%
My
100%
boy
99%
a
94%
I
94%
He
93%
he
93%
like
91%
me
91%
an
90%
love )
90%
( Love
90%
love
90%
Don't
88%
don't
88%
and
87%
and )
87%
And
87%
be
86%
But
84%
but
84%
promised
83%
he's
82%
to
79%
by
78%
his
78%
that
78%
you
78%
you )
78%
You
78%
mean
77%
is
76%
ugly
76%
being
74%
boy's
74%
crier
74%
honest
74%
pretty
74%
sus'
74%
ain't
73%
just
73%
man
73%
friends
71%
liar
71%
such
71%
ends
70%
off
70%
split
69%
as
68%
go
68%
hell
68%
sure
68%
cuts
67%
father
67%
loves
67%
said
67%
them
66%
know
65%
change
64%
how
64%
( Who
62%
cuss
61%
he'd
61%
then
61%
enough
60%
want
60%
if
59%
was
59%
good
58%
mine
58%
now
58%
shadow
58%
sounds
58%
What
58%
are
57%
shady
57%
girl
56%
yours
56%
goodbye
54%
tryna
54%
gotta
53%
Well
53%
knife )
46%
over
46%
trip
46%
dude
43%
( Alright
39%
than
36%
Ba-ba-da
32%
mmm
30%
( Three
28%
four
27%
Ba-ba-da-ba-da
24%

Score Distribution

Percentile by Number Answered

Percent of People with Each Score

Your Score History

You have not taken this quiz